| 000 | 00000nas 2200000za 4500 |
| 001 | 9.500821 |
| 003 | CaOODSP |
| 005 | 20221107132920 |
| 007 | cr ||||||||||| |
| 008 | 150406d19962001oncqr p o f0 b0fre|d |
| 022 | |a1492-8175 |
| 040 | |aCaOODSP|bfre |
| 043 | |an-cn--- |
| 086 | 1 |aH12-38F-PDF|zH12-38F-IN |
| 130 | 0 |aBulletin canadien sur les effets indésirables des médicaments (En ligne) |
| 222 | 0|aBulletin canadien sur les effets indésirables des médicaments |b(En ligne) |
| 245 | 10|aBulletin canadien sur les effets indésirables des médicaments |h[ressource électronique]. |
| 260 | |aOttawa : |bSanté Canada, Programme des produits thérapeutiques, |c[1996-2002] |
| 310 | |aTrimestriel |
| 362 | 1 |aParaît depuis vol. 6, n° 4 (oct. 1996); ne paraît plus après v. 12, n° 1 (janv. 2002). |
| 500 | |aPubl. aussi en anglais sous le titre : Canadian adverse drug reaction newsletter. |
| 691 | 07|aEffet secondaire|2gcpds |
| 691 | 07|aMédicament|2gcpds |
| 710 | 1 |aCanada.|bSanté Canada. |bProgramme des produits thérapeutiques. |
| 775 | 08|tCanadian adverse drug reaction newsletter |w(CaOODSP)9.504389 |
| 785 | 00|tBulletin canadien des effets indésirables |w(CaOODSP)9.501459 |